00393 a2200145 4500001000700000003000400007005001700011008004100028082002000069100002000089245007500109260003700184300001000221700001600231066412OSt20210928114118.0  a005.10684bH18F1 aTimmerman, Tina1 aFundamentals of software integrationcby Tina Timmerman and Kay Hammer aBostonbJones and Bartlettc2010 a305p. aHammer, Kay